000 01331nam0a22002651 4500
001 rc\2948699
005 20250529233554.0
035 _a(NLR Aleph) 007096527
090 _a6627123
_c6627123
100 _a20110829d1937 |||y0rusy50 ca
101 0 _arus
102 _aRU
105 _ay z |||||
200 1 _aБюллетень № ... на оборудование подлежащее продаже на ...
_fНКТП - СССР. Всесоюз. гос. трест по выявлению, ремонту и реализации демонтированного оборудования "Реммаштрест". Сев.-Кавк. краев. контора "Реммаштрест" г. Грозный
210 _aГрозный
_cБ. и.
_d1937
215 _d21 см
300 _aНастоящим вып. аннулируются все ранее изданные бюл.
300 _aВ Библиотеке имеется это издание за годы 1937-
300 _aПеречень номеров смотри на регистрационной карточке
710 0 2 _aРеммаштрест
_bОрджоникидзевская краевая контора
_cМосква
801 0 _aRU
_bNLR
_gpsbo
801 1 _aRU
_bELAR
_2rusmarc
852 _aNLR
_jП46/335
942 _cBOOK
980 _aNB